| 000 | 00517nam a2200181Ia 4500 | ||
|---|---|---|---|
| 008 | 151202s9999||||xx |||||||||||||| ||und|| | ||
| 082 | _bPNVM-18795 | ||
| 100 | _aCOUCH A.T. QUILLER. | ||
| 245 | _aTHE KINGS TREASURIES OF LITERATURE. | ||
| 260 | _b"J.M. DENT & SONS LTD, LONDON." | ||
| 260 | _c1952 | ||
| 300 | _a128 | ||
| 600 | _aCOUCH A.T. QUILLER. | ||
| 630 | _aTHE KINGS TREASURIES OF LITERATURE. | ||
| 700 | _aCOUCH A.T. QUILLER. | ||
| 730 | _aTHE KINGS TREASURIES OF LITERATURE. | ||
| 942 | _cBOOK | ||
| 999 |
_c1284779 _d1284776 |
||